Trouver le titre du livre - Statistiques

Statistiques générales
  • Ce quiz a été pris 161 fois
    130 depuis la dernière actualisation
  • Le résultat moyen est 10 sur 20
Statistiques - réponses
Hint Réponse % Correct
Shatter ___ Me
70%
The Priory Of ___ ____ Tree The Orange
70%
La Terre ____ Brulé
69%
La ______ Captive Sorcière
68%
La Passeuse De ___ Mots
67%
Le Royaume ___ _____ Des Damnés
66%
La Vie _____ D'Addie Larue Invisible
64%
Le Pont ___ _____ Des Tempêtes
61%
_____ Game Inheritance
49%
As Good As ___ Dead
47%
____ Wing Fourth
47%
Le Roi ___ Maléfique
44%
La Cartes ___ _____ Des Confins
43%
The Prison ___ Healer
40%
The ___ Of Never After Ballad
36%
Empire of ____ Storm
30%
A Court Of ____ And Fury Mist
28%
Divine ____ Rivals
27%
___ Academy Zodiac
27%
The ___ War Poppy
21%
Aucun quiz correspondant
Distribution des résultats
% des personnes avec chaque résultat
Percentile par nombre de réponses
Votre historique - résultats
Vous n’avez pas pris ce quiz depuis la dernière actualisation